000 00607nam a2200217Ia 4500
005 20241129110229.0
008 241129s9999||||xx |||||||||||||| ||und||
020 _a8189461-39-7
037 _aTB
040 _aARTS
_beng
_cARTS
041 _aeng
_2urd
084 _aO168,1N58:g P7
_qARTS
100 _aAbadi Allama Waqif Azim Au.
_9727516
245 0 _aRaz haye darune pardah
_cAbadi Allama Waqif Azim Au.
260 _aDelhi, India
_bKitabi dunia
_c2005
300 _a230p.
365 _aINR
_b175
650 _aUrdu Poetry
942 _cTB
_hO168,1N58:g P7
999 _c1227805
_d1227805